Full 2022 NFL Draft - Statistics

General Stats
  • This quiz has been taken 38 times
    18 since last reset
  • The average score is 122 of 262
Answer Stats
Round Pick Team College Position Answer % Correct
1 2 Detroit Lions Michigan DE Aidan Hutchinson
100%
2 53 Indianapolis Colts Cincinnati WR Alec Pierce
100%
2 40 Seattle Seahawks Minnesota DE Boye Mafe
100%
2 36 New York Jets Iowa State RB Breece Hall
100%
2 51 Philadelphia Eagles Nebraska C Cam Jurgens
100%
1 9 Seattle Seahawks Mississippi State OT Charles Cross
100%
1 11 New Orleans Saints Ohio State WR Chris Olave
100%
2 34 Green Bay Packers North Dakota State WR Christian Watson
100%
1 29 New England Patriots Chattanooga G Cole Strange
100%
2 45 Baltimore Ravens Michigan LB David Ojabo
100%
1 31 Cincinnati Bengals Michigan S Daxton Hill
100%
1 3 Houston Texans LSU CB Derek Stingley Jr.
100%
3 74 Atlanta Falcons Cincinnati QB Desmond Ridder
100%
1 27 Jacksonville Jaguars Utah LB Devin Lloyd
100%
1 28 Green Bay Packers Georgia DT Devonte Wyatt
100%
1 8 Atlanta Falcons USC WR Drake London
100%
1 7 New York Giants Alabama OT Evan Neal
100%
1 10 New York Jets Ohio State WR Garrett Wilson
100%
1 30 Kansas City Chiefs Purdue DE George Karlaftis
100%
2 52 Pittsburgh Steelers Georgia WR George Pickens
100%
3 80 Denver Broncos UCLA TE Greg Dulcich
100%
1 6 Carolina Panthers NC State OT Ikem Ekwonu
100%
1 16 Washington Commanders Penn State WR Jahan Dotson
100%
2 37 Houston Texans Baylor S Jalen Pitre
100%
2 63 Buffalo Bills Georgia RB James Cook
100%
1 12 Detroit Lions Alabama WR Jameson Williams
100%
2 48 Chicago Bears Penn State S Jaquan Brisker
100%
1 26 New York Jets Florida State DE Jermaine Johnson II
100%
1 13 Philadelphia Eagles Georgia DT Jordan Davis
100%
1 23 Buffalo Bills Florida CB Kaiir Elam
100%
1 5 New York Giants Oregon DE Kayvon Thibodeaux
100%
2 41 Seattle Seahawks Michigan State RB Kenneth Walker III
100%
1 20 Pittsburgh Steelers Pittsburgh QB Kenny Pickett
100%
1 15 Houston Texans Texas A&M G Kenyon Green
100%
1 14 Baltimore Ravens Notre Dame S Kyle Hamilton
100%
1 32 Minnesota Vikings Georgia S Lewis Cine
100%
3 86 Tennessee Titans Liberty QB Malik Willis
100%
1 22 Green Bay Packers Georgia LB Quay Walker
100%
1 4 New York Jets Cincinnati CB Sauce Gardner
100%
2 54 Kansas City Chiefs Western Michigan WR Skyy Moore
100%
3 76 Baltimore Ravens UConn DT Travis Jones
100%
1 1 Jacksonvile Jaguars Georgia DE Travon Walker
100%
1 21 Kansas City Chiefs Washington CB Trent McDuffie
100%
1 19 New Orleans Saints Northern Iowa OT Trevor Penning
100%
1 18 Tennessee Titans Arkansas WR Treylon Burks
100%
2 55 Arizona Cardinals Colorado State TE Trey McBride
100%
1 25 Baltimore Ravens Iowa C Tyler Linderbaum
100%
1 24 Dallas Cowboys Tulsa OT Tyler Smith
100%
1 17 Los Angeles Chargers Boston College G Zion Johnson
100%
3 72 Seattle Seahawks Washington State OT Abraham Lucas
75%
2 49 New Orleans Saints Tennessee CB Alontae Taylor
75%
3 77 Indianapolis Colts Central Michigan OT Bernhard Raimann
75%
3 98 Washington Commanders Alabama RB Brian Robinson
75%
2 62 Kansas City Chiefs Cincinnati S Bryan Cook
75%
2 60 Cincinnati Bengals Nebraska CB Cam Taylor-Britt
75%
4 107 Houston Texans Florida RB Dameon Pierce
75%
4 110 Baltimore Ravens Minnesota OT Daniel Faalele
75%
2 59 Minnesota Vikings LSU G Ed Ingram
75%
2 44 Houston Texans Alabama WR John Metchie III
75%
2 39 Chicago Bears Washington CB Kyler Gordon
75%
3 103 Kansas City Chiefs Wisconsin LB Leo Chenal
75%
2 57 Tampa Bay Buccaneers Central Michigan OT Luke Goedeke
75%
3 85 New England Patriots Houston CB Marcus Jones
75%
3 68 Cleveland Browns Mississippi State CB Martin Emerson
75%
2 64 Denver Broncos Oklahoma LB Nik Bonitto
75%
3 91 Tampa Bay Buccaneers Arizona State RB Rachaad White
75%
2 43 New York Giants Kentucky WR Wan'Dale Robinson
75%
3 78 Cleveland Browns UAB DE Alex Wright
50%
4 137 New England Patriots Western Kentucky QB Bailey Zappe
50%
4 106 Tampa Bay Buccaneers Washington TE Cade Otton
50%
4 124 Cleveland Browns LSU K Cade York
50%
4 138 Pittsburgh Steelers Memphis WR Calvin Austin III
50%
3 70 Jacksonville Jaguars Wyoming LB Chad Muma
50%
4 128 Baltimore Ravens Iowa State TE Charlie Kolar
50%
4 143 Tennessee Titans Maryland TE Chigoziem Okonkwo
50%
7 230 Washington Commanders Tulsa G Chris Paul
50%
4 109 Seattle Seahawks Cincinnati CB Coby Bryant
50%
3 81 New York Giants LSU CB Cordale Flott
50%
4 136 Cincinnati Bengals North Dakota State OT Cordell Volson
50%
4 114 New York Giants Iowa S Dane Belton
50%
4 112 New York Giants San Diego State TE Daniel Bellinger
50%
3 99 Cleveland Browns Purdue WR David Bell
50%
3 90 Las Vegas Raders Memphis G Dylan Parham
50%
4 139 Baltimore Ravens Coastal Carolina TE Isaiah Likely
50%
4 121 New England Patriots Arizona State CB Jack Jones
50%
4 133 Tampa Bay Buccaneers Georgia P Jake Camarda
50%
4 129 Dallas Cowboys Wisconsin TE Jake Ferguson
50%
3 88 Dallas Cowboys South Alabama WR Jalen Tolbert
50%
7 243 Kansas City Chiefs Washington State CB Jaylen Watson
50%
3 73 Indianapolis Colts Virginia TE Jelani Woods
50%
3 101 New York Jets Ohio State TE Jeremy Ruckert
50%
5 156 Cleveland Browns Cincinnati RB Jerome Ford
50%
4 130 Baltimore Ravens Penn State P Jordan Stout
50%
3 67 New York Giants North Carolina G Joshua Ezeudu
50%
3 97 Detroit Lions Illinois S Kerby Joseph
50%
5 148 Buffalo Bills Boise State WR Khalil Shakir
50%
5 164 Los Angeles Rams Notre Dame RB Kyren Williams
50%
2 33 Tampa Bay Buccaneers Houston DE Logan Hall
50%
3 65 Jacksonville Jaguars Kentucky C Luke Fortner
50%
3 94 Carolina Panthers Ole Miss QB Matt Corral
50%
3 83 Philadelphia Eagles Georgia LB Nakobe Dean
50%
3 69 Tennessee Titans Ohio State OT Nicholas Petit-Frere
50%
3 96 Indianapolis Colts Maryland S Nick Cross
50%
2 35 Tennessee Titans Auburn CB Roger McCreary
50%
5 144 Washington Commanders North Carolina QB Sam Howell
50%
2 56 Dallas Cowboys Ole Miss DE Sam Williams
50%
3 92 Green Bay Packers UCLA G Sean Rhyan
50%
5 153 Seattle Seahawks UTSA CB Tariq Woolen
50%
5 151 Atlanta Falcons BYU RB Tyler Allgeier
50%
2 50 New England Patriots Baylor WR Tyquan Thornton
50%
3 93 San Francisco 49ers LSU RB Tyrion Davis-Price
50%
3 71 Chicago Bears Tennessee WR Velus Jones Jr.
50%
3 95 Cincinnati Bengals Florida DT Zachary Carter
50%
4 140 Green Bay Packers Wake Forest OT Zach Tom
50%
4 122 Las Vegas Raiders Georgia RB Zamir White
50%
7 261 Los Angeles Rams Michigan State OT A.J. Arcuri
25%
4 118 Minnesota Vikings Missouri CB Akayleb Evans
25%
6 189 Carolina Panthers Virginia Tech LB Amare Barno
25%
7 248 Tampa Bay Buccaneers LSU DE Andre Anthony
25%
2 42 Minnesota Vikings Clemson CB Andrew Booth Jr.
25%
6 192 Indianapolis Colts Youngstown State TE Andrew Ogletree
25%
7 245 New England Patriots Michigan OT Andrew Steuber
25%
2 38 Atlanta Falcons Penn State LB Arnold Ebiketie
25%
6 205 Houston Texans LSU OT Austin Deculus
25%
7 231 Buffalo Bills Clemson LB Baylon Spector
25%
7 229 Seattle Seahawks Rutgers WR Bo Melton
25%
4 120 Carolina Panthers Penn State LB Brandon Smith
25%
5 168 Chicago Bears Southern Utah OT Braxton Jones
25%
3 66 Minnesota Vikings Oklahoma LB Brian Asamoah
25%
7 250 Las Vegas Raiders UCLA RB Brittain Brown
25%
7 262 San Francisco 49ers Iowa State QB Brock Purdy
25%
6 199 Carolina Panthers Tennessee G Cade Mays
25%
7 224 Miami Dolphins California LB Cameron Goode
25%
3 87 Arizona Cardinals San Diego State DE Cameron Thomas
25%
6 219 Tennessee Titans Ole Miss LB Chance Campbell
25%
3 102 Miami Dolphins Georgia LB Channing Tindall
25%
7 237 Detroit Lions Arizona State CB Chase Lucas
25%
6 210 New England Patriots LSU G Chasen Hines
25%
7 241 Pittsburgh Steelers South Dakota State QB Chris Oladokun
25%
6 185 Buffalo Bills Villanova CB Christian Benford
25%
3 75 Houston Texans Alabama LB Christian Harris
25%
7 240 Washington Commanders Oklahoma State CB Christian Holmes
25%
7 244 Arizona Cardinals Valdosta State CB Christian Matthew
25%
5 149 Washington Commanders Nevada TE Cole Turner
25%
6 208 Pttsburgh Steelers Michigan State FB Connor Heyward
25%
6 216 Indianapolis Colts Cincinnati DT Curtis Brooks
25%
4 141 Baltimore Ravens Houston CB Damarion Williams
25%
4 115 Denver Broncos Pittsburgh CB Damarri Mathis
25%
5 176 Dallas Cowboys LSU LB Damone Clark
25%
3 105 San Francisco 49ers SMU WR Danny Gray
25%
7 233 Seattle Seahawks Lenoir-Rhyne WR Dareke Young
25%
5 145 Kansas City Chiefs Kentucky OT Darian Kinnard
25%
5 167 Dallas Cowboys Fresno State CB DaRon Bland
25%
6 182 New York Giants Cincinnati LB Darrian Beavers
25%
7 246 Cleveland Browns Texas Tech C Dawson Deaton
25%
7 236 Los Angeles Chargers Ole Miss CB Deane Leonard
25%
3 82 Atlanta Falcons Western Kentucky LB DeAngelo Malone
25%
4 142 Los Angeles Rams South Carolina State CB Decobie Durant
25%
5 152 Denver Broncos Oklahoma S Delarrin Turner-Yell
25%
3 84 Pittsburgh Steelers Texas A&M DE DeMarvin Leal
25%
6 212 Los Angeles Rams Georgia CB Derion Kendrick
25%
6 193 Dallas Cowboys Oklahoma State LB Devin Harper
25%
5 147 New York Giants Arizona State DT D.J. Davidson
25%
5 161 New Orleans Saints Appalachian State LB D'Marco Jackson
25%
5 174 Chicago Bears Miami (OH) LB Dominique Robinson
25%
6 207 Chicago Bears Illinois C Doug Kramer
25%
2 61 San Francisco 49ers USC DE Drake Jackson
25%
7 254 Chicago Bears California S Elijah Hicks
25%
5 159 Indianapolis Colts Missouri State DT Eric Johnson
25%
4 125 Miami Dolphins Texas Tech WR Erik Ezukanma
25%
5 165 Minnesota Vikings Minnesota DE Esezi Otomewo
25%
4 116 Denver Broncos Iowa State DT Eyioma Uwazurike
25%
7 232 Denver Broncos Wisconsin CB Faion Hicks
25%
6 198 Philadelphia Eagles SMU TE Grant Calcaterra
25%
6 197 Jacksonville Jaguars Ouachita Baptist CB Gregory Junior
25%
4 131 Tennessee Titans Michigan RB Hassan Haskins
25%
4 123 Los Angeles Chargers Texas A&M RB Isaiah Spiller
25%
7 223 Cleveland Browns Oklahoma DE Isaiah Thomas
25%
7 251 Kansas City Chiefs Rutgers RB Isiah Pacheco
25%
6 191 Minnesota Vikings Michigan State WR Jalen Nailor
25%
4 119 Baltimore Ravens Alabama CB Jalyn Armour-Davis
25%
6 195 Los Angeles Chargers Georgia G Jamaree Salyer
25%
6 217 Detroit Lions Jackson State LB James Houston IV
25%
5 177 Detroit Lions Virginia Tech TE James Mitchell
25%
6 214 Los Angeles Chargers Wake Forest CB Ja'Sir Taylor
25%
7 226 Chicago Bears Southern G Ja'Tyre Carter
25%
7 256 Arizona Cardinals Penn State LB Jesse Luketa
25%
6 213 Atlanta Falcons Georgia TE John FitzPatrick
25%
5 178 Dallas Cowboys Arkansas DT John Ridgeway
25%
6 194 New Orleans Saints Air Force DT Jordan Jackson
25%
2 46 Detroit Lions Kentucky DE Josh Paschal
25%
4 135 Kansas City Chiefs Fayetteville State CB Joshua Williams
25%
3 79 Los Angeles Chargers Baylor S J.T. Woods
25%
6 190 Atlanta Falcons Georgia G Justin Shaffer
25%
6 220 San Francisco 49ers UCF DT Kalia Davis
25%
7 242 Carolina Panthers Baylor CB Kalon Barnes
25%
6 201 Arizona Cardinals USC RB Keaontay Ingram
25%
6 183 New England Patriots South Carolina RB Kevin Harris
25%
5 179 Green Bay Packers South Carolina DE Kingsley Enagbare
25%
6 218 Tampa Bay Buccaneers Minnesota TE Ko Kieft
25%
5 163 Tennessee Titans UCLA WR Kyle Philips
25%
6 181 Philadelphia Eagles Kansas LB Kyron Johnson
25%
6 215 Arizona Cardinals Virginia Tech G Lecitus Smith
25%
3 104 Los Angeles Rams Wisconsin G Logan Bruss
25%
6 209 Buffalo Bills Virginia Tech OT Luke Tenuta
25%
5 171 Denver Broncos Washington C Luke Wattenberg
25%
6 188 Detroit Lions Oklahoma State LB Malcolm Rodriguez
25%
5 173 New York Giants North Carolina G Marcus McKethan
25%
7 257 Arizona Cardinals Oklahoma G Marquis Hayes
25%
6 180 Buffalo Bills San Diego State P Matt Araiza
25%
6 206 Denver Broncos Wisconsin DT Matt Henningsen
25%
5 175 Las Vegas Raiders Tennessee DT Matthew Butler
25%
5 155 Dallas Cowboys North Dakota OT Matt Waletzko
25%
4 111 New York Jets Louisiana-Lafayette OT Max Mitchell
25%
5 146 New York Giants Indiana LB Micah McFadden
25%
6 202 Cleveland Browns Oklahoma WR Michael Woods II
25%
4 117 New York Jets Texas A&M DE Micheal Clemons
25%
7 222 Jacksonville Jaguars Arkansas CB Montaric Brown
25%
5 162 Denver Broncos Samford WR Montrell Washington
25%
3 100 Arizona Cardinals Cincinnati DE Myjai Sanders
25%
7 259 Kansas City Chiefs Marshall S Nazeeh Johnson
25%
4 126 Las Vegas Raiders LSU DT Neil Farrell
25%
7 227 Minnesota Vikings South Carolina TE Nick Muse
25%
6 187 San Francisco 49ers Fordham OT Nick Zakelj
25%
5 160 Los Angeles Chargers UCLA DT Otito Ogbonnia
25%
4 113 Washington Commanders Louisiana-Lafayette S Percy Butler
25%
4 108 Cleveland Browns Oklahoma DT Perrion Winfrey
25%
2 47 Washington Commanders Alabama DT Phidarian Mathis
25%
4 127 New England Patriots South Dakota State RB Pierre Strong
25%
6 211 Los Angeles Rams UCLA S Quentin Lake
25%
7 249 Green Bay Packers Penn State OT Rasheed Walker
25%
7 239 Indianapolis Colts Yale S Rodney Thomas II
25%
4 132 Green Bay Packers Nevada WR Romeo Doubs
25%
7 253 Los Angeles Rams Kansas State S Russ Yeast
25%
7 258 Green Bay Packers Nebraska WR Samori Toure
25%
6 200 New England Patriots Northwest Missouri State DE Sam Roberts
25%
5 172 San Francisco 49ers Toledo CB Samuel Womack
25%
7 247 Miami Dolphins Kansas State QB Skylar Thompson
25%
5 154 Jacksonville Jaguars Ole Miss RB Snoop Conner
25%
4 134 San Francisco 49ers UTSA OT Spencer Burford
25%
7 228 Green Bay Packers Georgia Tech LB Tariq Carpenter
25%
6 221 San Francisco 49ers Penn State CB Tariq Castro-Fields
25%
5 170 Houston Texans Oregon State TE Teagan Quitoriano
25%
3 89 Buffalo Bills Baylor LB Terrel Bernard
25%
7 238 Las Vegas Raiders Ohio State OT Thayer Munford
25%
6 204 Tennessee Titans Tennessee S Theo Jackson
25%
5 150 Houston Texans Stanford DT Thomas Booker
25%
7 255 Chicago Bears NC State P Trenton Gill
25%
6 203 Chicago Bears Baylor RB Trestan Ebner
25%
2 58 Atlanta Falcons Montana State LB Troy Andersen
25%
5 166 Cincinnati Bengals Toledo S Tycen Anderson
25%
5 169 Minnesota Vikings North Carolina RB Ty Chandler
25%
6 196 Baltimore Ravens Missouri RB Tyler Badie
25%
5 158 Seattle Seahawks Ohio State DE Tyreke Smith
25%
6 184 Minnesota Vikings Illinois OT Vederian Lowe
25%
6 186 Chicago Bears San Diego State OT Zachary Thomas
25%
7 260 Los Angeles Chargers Harvard FB Zander Horvath
25%
5 157 Tampa Bay Buccaneers Sam Houston State CB Zyon McCollum
25%
7 235 Los Angeles Rams Montana State LB Daniel Hardy
0%
7 252 Cincinnati Bengals Coastal Carolina DE Jeffrey Gunter
0%
7 234 Green Bay Packers Miami (FL) DT Jonathan Ford
0%
7 225 Pittsburgh Steelers Ole Miss LB Mark Robinson
0%
No matching quizzes found
Score Distribution
Percent of People with Each Score
Percentile by Number Answered
Your Score History
You have not taken this quiz since the last reset